LEADER 00921nam0-22003131i-450- 001 990003983890403321 005 20050720145742.0 010 $a88-464-4625-9 035 $a000398389 035 $aFED01000398389 035 $a(Aleph)000398389FED01 035 $a000398389 100 $a20031202d2003----km-y0itay50------ba 101 0 $aita 102 $aIT 105 $aa---a---001yy 200 1 $aArea "Turismo, ospitalità e tempo libero"$fIsfol 210 $aMilano$cFranco Angeli$d2003 215 $a248 p.$d22 cm 610 0 $aOfferta turistica 610 0 $aFigure professionali 710 02$aIsfol$9$0423065 801 0$aIT$bUNINA$gRICA$2UNIMARC 901 $aBK 912 $a990003983890403321 952 $a046.009.ISF$b5054$fDECGE 959 $aDECGE 996 $aArea "Turismo, ospitalità e tempo libero"$9474266 997 $aUNINA LEADER 01285nam0-22003971i-450- 001 990004340240403321 005 20130213091439.0 035 $a000434024 035 $aFED01000434024 035 $a(Aleph)000434024FED01 035 $a000434024 100 $a19990604d1972----km-y0itay50------ba 101 0 $aita 102 $aIT 105 $ay-------001yy 200 1 $aDiario$fSidney Sonnino 210 $aRoma ; Bari$cLaterza$d1972 215 $a3 v.$d21 cm 327 1 $a1.: 1866-1912 / a cura di Benjamin F. Brown ; introduzione di Giorgio Spini$a2.: 1914-1916 / a cura di Pietro Pastorelli$a3.: 1916-1922 / a cura di Pietro Pastorelli 610 0 $aSonnino, Sidney$aDiari e memorie 676 $a945.091 092$v21$zita 700 1$aSonnino,$bSidney$f<1847-1922>$0123775 702 1$aBrown,$bBenjamin F.$f<1930- > 702 1$aPastorelli,$bPietro$f<1932- > 702 1$aSpini,$bGiorgio$f<1916-2000> 801 0$aIT$bUNINA$gRICA$2UNIMARC 901 $aBK 912 $a990004340240403321 952 $aXII B 51 (I)$b27595$fFSPBC 952 $aXII B 51 (II)$b27596$fFSPBC 952 $aXII B 51 (III)$b27597$fFSPBC 952 $a945.09 SON 2 (1-3)$bIsrc.32; 1687; 5520$fFLFBC 959 $aFLFBC 959 $aFSPBC 996 $aDiario$9169778 997 $aUNINA